Blood diamond (Record no. 18103)
[ view plain ]
| 000 -LEADER | |
|---|---|
| fixed length control field | 01974cgm a22004457a 4500 |
| 005 - DATE AND TIME OF LATEST TRANSACTION | |
| control field | 20140312103156.0 |
| 007 - PHYSICAL DESCRIPTION FIXED FIELD--GENERAL INFORMATION | |
| fixed length control field | vd cgaizm |
| 008 - FIXED-LENGTH DATA ELEMENTS--GENERAL INFORMATION | |
| fixed length control field | 140311t2006 xx 137 e |||| 0| vleng d |
| 020 ## - INTERNATIONAL STANDARD BOOK NUMBER | |
| International Standard Book Number | 7321902117621 |
| 041 1# - LANGUAGE CODE | |
| Language code of text/sound track or separate title | eng |
| -- | ita |
| 082 04 - DEWEY DECIMAL CLASSIFICATION NUMBER | |
| Edition number | 22 |
| Classification number | 791.4372 |
| Item number | BLO |
| 245 00 - TITLE STATEMENT | |
| Title | Blood diamond |
| Medium | [videorecording] / |
| Statement of responsibility, etc | Warner Bros. Pictures, Virtual Studios, a Spring Creek / Bedford Falls production, Initial Entertainment Group, an Edward Zwick film ; produced by Paula Weinstein, Edward Zwick, Marshall Herskovitz, Graham King, Gillian Gorfil ; story by Charles Leavitt and C. Gaby Mitchell ; screenplay by Charles Leavitt ; directed by Edward Zwick. |
| 250 ## - EDITION STATEMENT | |
| Edition statement | 2.40 Widescreen. |
| 260 ## - PUBLICATION, DISTRIBUTION, ETC. (IMPRINT) | |
| Place of publication, distribution, etc | [S. l.] : |
| Name of publisher, distributor, etc | Lonely Film Productions, |
| Date of publication, distribution, etc | c.2006. |
| 300 ## - PHYSICAL DESCRIPTION | |
| Extent | 1 videodisc (137 min.) : |
| Other physical details | sd., col. ; |
| Dimensions | 4 3/4 in. |
| 508 ## - CREATION/PRODUCTION CREDITS NOTE | |
| Creation/production credits note | Director of photography Eduardo Serra ; edited by Steven Rosenblum ; music by James Newton Howard. |
| 511 ## - PARTICIPANT OR PERFORMER NOTE | |
| Participant or performer note | Leonardo DiCaprio, Jennifer Connelly, Djimon Hounsou. |
| 521 ## - TARGET AUDIENCE NOTE | |
| Target audience note | Suitable only for persons of 15 years and over .<br/> |
| 546 ## - LANGUAGE NOTE | |
| Language note | In English and Italian. |
| 650 #0 - SUBJECT ADDED ENTRY--TOPICAL TERM | |
| Topical term or geographic name as entry element | Conflict diamonds |
| Form subdivision | Drama |
| 9 (RLIN) | 35546 |
| 653 ## - INDEX TERM--UNCONTROLLED | |
| -- | GGEN |
| -- | March2014 |
| 700 1# - ADDED ENTRY--PERSONAL NAME | |
| Personal name | DiCaprio, Leonardo, |
| 9 (RLIN) | 35271 |
| Dates associated with a name | 1974- |
| 700 1# - ADDED ENTRY--PERSONAL NAME | |
| Personal name | Connelly, Jennifer, |
| 9 (RLIN) | 35548 |
| Dates associated with a name | 1970- |
| 700 1# - ADDED ENTRY--PERSONAL NAME | |
| Personal name | Hounsou, Djimon, |
| 9 (RLIN) | 35549 |
| Dates associated with a name | 1964- |
| 700 1# - ADDED ENTRY--PERSONAL NAME | |
| Personal name | Howard, James Newton, |
| 9 (RLIN) | 35550 |
| Dates associated with a name | 1951- |
| 700 1# - ADDED ENTRY--PERSONAL NAME | |
| Personal name | Rosenblum, Steven |
| 9 (RLIN) | 35250 |
| 700 1# - ADDED ENTRY--PERSONAL NAME | |
| Personal name | Serra, Eduardo, |
| 9 (RLIN) | 35551 |
| Dates associated with a name | 1943- |
| 700 1# - ADDED ENTRY--PERSONAL NAME | |
| Personal name | Zwick, Edward, |
| 9 (RLIN) | 35535 |
| Dates associated with a name | 1952- |
| 700 1# - ADDED ENTRY--PERSONAL NAME | |
| Personal name | Leavitt, Charles |
| 9 (RLIN) | 35552 |
| 700 1# - ADDED ENTRY--PERSONAL NAME | |
| Personal name | Mitchell, C. Gaby |
| 9 (RLIN) | 35553 |
| 700 1# - ADDED ENTRY--PERSONAL NAME | |
| Personal name | Gorfil, Gillian |
| 9 (RLIN) | 35558 |
| 700 1# - ADDED ENTRY--PERSONAL NAME | |
| Personal name | King, Graham, |
| 9 (RLIN) | 35559 |
| 700 1# - ADDED ENTRY--PERSONAL NAME | |
| Personal name | Herskovitz, Marshall, |
| 9 (RLIN) | 35538 |
| Dates associated with a name | 1952- |
| 700 1# - ADDED ENTRY--PERSONAL NAME | |
| Personal name | Zwick, Edward, |
| 9 (RLIN) | 35535 |
| Dates associated with a name | 1952- |
| 700 1# - ADDED ENTRY--PERSONAL NAME | |
| Personal name | Weinstein, Paula |
| 9 (RLIN) | 35563 |
| 710 2# - ADDED ENTRY--CORPORATE NAME | |
| Corporate name or jurisdiction name as entry element | Initial Entertainment Group |
| 9 (RLIN) | 35564 |
| 710 2# - ADDED ENTRY--CORPORATE NAME | |
| 9 (RLIN) | 35452 |
| Corporate name or jurisdiction name as entry element | Virtual Studios |
| 710 2# - ADDED ENTRY--CORPORATE NAME | |
| 9 (RLIN) | 35255 |
| Corporate name or jurisdiction name as entry element | Warner Bros. Pictures (1969- ) |
| 942 ## - ADDED ENTRY ELEMENTS (KOHA) | |
| Source of classification or shelving scheme | Dewey Decimal Classification |
| Item type | |
| Call number prefix | 791.4372 BLO |
| Withdrawn status | Lost status | Source of classification or shelving scheme | Damaged status | Not for loan | Koha collection | Home library | Current library | Shelving location | Date acquired | Source of acquisition | Cost, normal purchase price | Total Checkouts | Full call number | Barcode | Date last seen | Cost, replacement price | Koha item type |
|---|---|---|---|---|---|---|---|---|---|---|---|---|---|---|---|---|---|
| Dewey Decimal Classification | Baccah | Central Library | Central Library | Second Floor | 11/03/2014 | Purchase | 159.00 | 791.4372 BLO | 000035686 | 24/08/2022 | 198.75 | CD | DVD - Movie (NB) |